000 00887nam a2200217 a 4500
001 000800841
003 AM-YeHGA
005 20250618075851.0
008 110404s1960 ru a r 000 0 rus d
040 _aAM-YeHGA
041 1 _arus
_hger
100 1 _aМузеус, Иоганн Карл Август
_d1735-1787
245 1 0 _aСказки и легенды /
_cИ. К. Музеус ; Пер. с нем. Е. В. Пугачевой ; Предисл. и примеч. Ю. Каган ; Xуд. Б. Свешников.
260 _aМосква :
_bХудожественная литература,
_c1960.
300 _a279 с. :
_bил.
650 1 4 _aԳերմանական գրականություն
_95149
700 1 _aПугачев, Е.В.
_eпер.
_4trl
700 1 _aКаган, Ю.
_eпредисл.
_4aui
700 1 _aСвешников, Б.
_eилл.
_4ill
090 _c508424
999 _c505004
_d505004